|
|
|
|
| LEADER |
00809cam a2200229 7i4500 |
| 001 |
0000042727 |
| 005 |
20170218090000.0 |
| 020 |
|
|
|a 0132167123 (hbk.)
|
| 020 |
|
|
|a 9780132167123 (hbk.)
|
| 090 |
0 |
0 |
|a HF5415
|b .K68 2012
|
| 100 |
1 |
|
|a Kotler, Philip
|
| 245 |
1 |
0 |
|a Principles of marketing
|c Philip Kotler, Gary Armstrong.
|
| 250 |
|
|
|a 14th ed.
|
| 260 |
|
|
|a Boston:
|b Pearson Prentice Hall,
|c 2012.
|
| 300 |
|
|
|a xxiv, 613 p.:
|b ill.;
|c 29 cm.
|
| 650 |
0 |
0 |
|a Marketing
|
| 700 |
1 |
|
|a Armstrong, Gary
|
| 997 |
|
|
|a Business & Accountancy, Faculty
|
| 997 |
|
|
|a Communication, Visual Art & Computing, Faculty
|b Communication, Department
|
| 999 |
|
|
|a 0000052652
|b BOK
|c OPEN SHELF
|e 1st Floor, Shah Alam
|
| 999 |
|
|
|a 0000052653
|b BOK
|c OPEN SHELF
|e 1st Floor, Bestari Jaya
|
| 999 |
|
|
|a 0000052654
|b BOK
|c OPEN SHELF
|e SHAH ALAM
|